Statistics for World cities (no capitals) by letter 'A'

Click here to take the quiz!

General Stats

  • This quiz has been taken 47 times
  • The average score is 6 of 10

Answer Stats

HintAnswer% Correct
Home of the Taj MahalAgra
91%
Most populous cities in KazakhstanAlmaty
84%
1996 summer Olympic host cityAtlanta
84%
Former Capital of Cote d'ivoireAbidjan
72%
Most of the worlds diamonds pass through this cityAntwerp
72%
Egyptian city famous for its damAswan
72%
Turkish city famous for its KebabsAdana
35%
The city of sailsAuckland
28%
Home of 2010 novel prize winning novelist Mario Vargas LlosaArequipa
21%
Gateway city to mount KilimanjaroArusha
14%

Score Distribution

Percentile by Number Answered

Percent of People with Each Score

Your Score History

You have not taken this quiz